[Event "Oberliga Nord O 1718"]
[Site "Germany"]
[Date "2018.01.21"]
[Round "5.2"]
[White "Giemsa, Stephan"]
[Black "Manigk, Sebastian"]
[Result "1/2-1/2"]
[WhiteElo "2281"]
[BlackElo "2236"]
[PlyCount "25"]
[EventDate "2017.10.08"]
[EventType "team-tourn"]
[EventRounds "9"]
[EventCountry "GER"]
[SourceTitle "EXT 2019"]
[Source "ChessBase"]
[SourceDate "2018.10.10"]
[SourceVersion "1"]
[SourceVersionDate "2018.10.10"]
[SourceQuality "1"]
[WhiteTeam "Berlin Tegel II"]
[BlackTeam "Cottbus Lokomotive"]
[WhiteTeamCountry "GER"]
[BlackTeamCountry "GER"]

1. d4 d5 2. c4 dxc4 3. e3 e5 4. Bxc4 exd4 5. exd4 Bd6 6. Nc3 Nf6 7. Nf3 0-0 8. 0-0 Nc6 9. h3 h6 10. Qc2 Nb4 11. Qb1 Be6 12. Bxe6 fxe6 13. Re1 1/2-1/2

[Event "Oberliga Nord O 1718"]
[Site "Germany"]
[Date "2017.11.12"]
[Round "3.2"]
[White "Manigk, Sebastian"]
[Black "Berebora, Ferenc"]
[Result "1/2-1/2"]
[WhiteElo "2236"]
[BlackElo "2443"]
[PlyCount "68"]
[EventDate "2017.10.08"]
[EventType "team-tourn"]
[EventRounds "9"]
[EventCountry "GER"]
[SourceTitle "EXT 2019"]
[Source "ChessBase"]
[SourceDate "2018.10.10"]
[SourceVersion "1"]
[SourceVersionDate "2018.10.10"]
[SourceQuality "1"]
[WhiteTeam "Cottbus Lokomotive"]
[BlackTeam "Neuruppin"]
[WhiteTeamCountry "GER"]
[BlackTeamCountry "GER"]

1. e4 c5 2. Nc3 Nc6 3. Bb5 Nd4 4. Bc4 a6 5. Nge2 b5 6. Bd5 Nc6 7. d3 Nf6 8. Be3 e6 9. Bxc6 dxc6 10. Ng3 e5 11. h3 Be6 12. f4 exf4 13. Bxf4 Be7 14. 0-0 0-0 15. Qf3 c4 16. Be3 cxd3 17. Rfd1 Nd7 18. cxd3 Ne5 19. Qf1 Bg5 20. Bc5 Re8 21. Nf5 Bxf5 22. Qxf5 g6 23. Qf1 Qc7 24. Qf2 Nd7 25. Be3 Bxe3 26. Qxe3 Rad8 27. Rac1 Qd6 28. d4 c5 29. dxc5 Qxc5 30. Qxc5 Nxc5 31. Rxd8 Rxd8 32. b4 Ne6 33. Nd5 Kg7 34. Rc6 Ng5 1/2-1/2

[Event "Prague Holiday M31"]
[Site "Prague"]
[Date "2017.08.01"]
[Round "4"]
[White "Manigk, Sebastian"]
[Black "Baasansuren, Erdene"]
[Result "1-0"]
[WhiteElo "2238"]
[BlackElo "2100"]
[PlyCount "73"]
[EventDate "2017.07.30"]
[EventType "tourn"]
[EventRounds "9"]
[EventCountry "CZE"]
[SourceTitle "EXT 2023"]
[Source "ChessBase"]
[SourceDate "2022.10.05"]
[SourceVersion "1"]
[SourceVersionDate "2022.10.05"]
[SourceQuality "1"]

1. d4 Nf6 2. c4 g6 3. Nf3 Bg7 4. e3 0-0 5. Be2 c5 6. 0-0 cxd4 7. exd4 d5 8. Nc3 Nc6 9. Bg5 dxc4 10. Bxc4 Bg4 11. d5 Ne5 12. Be2 Bxf3 13. Bxf3 Nxf3+ 14. Qxf3 Qd7 15. Rad1 Rad8 16. d6 h6 17. dxe7 Qxe7 18. Nd5 Rxd5 19. Bxf6 Bxf6 20. Rxd5 Bxb2 21. Rb5 Bd4 22. Rxb7 Qc5 23. g3 Qa5 24. Rd1 Bb6 25. a3 Qe5 26. Rdd7 Qg7 27. Kg2 Bc5 28. a4 Bb6 29. h3 h5 30. h4 Qh7 31. Qf6 Qg7 32. Qf3 Qh7 33. Qd5 g5 34. Qxg5+ Qg7 35. Qxg7+ Kxg7 36. Rd5 Rc8 37. a5 1-0

[Event "Oberliga Nord O 1516"]
[Site "Germany"]
[Date "2016.01.31"]
[Round "6.1"]
[White "Manigk, Sebastian"]
[Black "Popovics, Adam"]
[Result "0-1"]
[WhiteElo "2226"]
[BlackElo "2393"]
[PlyCount "68"]
[EventDate "2015.09.20"]
[EventType "team-tourn"]
[EventRounds "9"]
[EventCountry "GER"]
[SourceTitle "EXT 2017"]
[Source "ChessBase"]
[SourceDate "2016.10.25"]
[SourceVersion "1"]
[SourceVersionDate "2016.10.25"]
[SourceQuality "1"]
[WhiteTeam "Cottbus Lokomotive"]
[BlackTeam "Neuruppin"]
[WhiteTeamCountry "GER"]
[BlackTeamCountry "GER"]

1. d4 Nf6 2. c4 g6 3. Nc3 Bg7 4. Nf3 0-0 5. Bg5 h6 6. Bh4 c5 7. d5 d6 8. Qc2 e6 9. e3 exd5 10. Nxd5 g5 11. Nxf6+ Qxf6 12. Bg3 Nc6 13. Nd2 Nb4 14. Qb3 a5 15. 0-0-0 b5 16. Ne4 Qg6 17. f3 a4 18. Qa3 d5 19. cxd5 Bf5 20. Bxb5 Qb6 21. Bc4 Rfe8 22. Rhe1 Bxe4 23. fxe4 Rxe4 24. Bd3 Nxd3+ 25. Rxd3 c4 26. Rd2 c3 27. bxc3 Rc8 28. Rc2 Rxe3 29. Rxe3 Qxe3+ 30. Kb1 Qe4 31. Qb4 Rc4 32. Qb8+ Kh7 33. Kc1 Bxc3 34. Qa7 Bb2+ 0-1

[Event "Oberliga Nord O 1516"]
[Site "Germany"]
[Date "2016.01.17"]
[Round "5.1"]
[White "Rosenthal, Dirk"]
[Black "Manigk, Sebastian"]
[Result "1/2-1/2"]
[WhiteElo "2413"]
[BlackElo "2236"]
[PlyCount "143"]
[EventDate "2015.09.20"]
[EventType "team-tourn"]
[EventRounds "9"]
[EventCountry "GER"]
[SourceTitle "CBM 170 Extra"]
[Source "ChessBase"]
[SourceDate "2016.02.25"]
[SourceVersion "1"]
[SourceVersionDate "2016.02.25"]
[SourceQuality "1"]
[WhiteTeam "Oberschoeneweide"]
[BlackTeam "Cottbus Lokomotive"]
[WhiteTeamCountry "GER"]
[BlackTeamCountry "GER"]

1. d4 Nf6 2. Nf3 e6 3. e3 b6 4. Bd3 Bb7 5. 0-0 d5 6. c4 Nbd7 7. Nc3 Bd6 8. b3 0-0 9. Bb2 a6 10. Na4 Ne4 11. Rc1 f5 12. Ne5 Bxe5 13. dxe5 dxc4 14. Bxc4 Qe7 15. Be2 c5 16. f3 Ng5 17. Qd6 Qxd6 18. exd6 Rfd8 19. Rfd1 Nf7 20. Ba3 Bc6 21. Nc3 a5 22. Nb5 Nf8 23. Nc7 Ra7 24. Bc4 Rxd6 25. Nb5 Rxd1+ 26. Rxd1 Rd7 27. Rxd7 Bxd7 28. Bb2 Bxb5 29. Bxb5 Nd6 30. Bc6 Ng6 31. Kf2 Kf7 32. Ke2 Ne7 33. Be5 Nxc6 34. Bxd6 Nb4 35. a3 Nd5 36. Kd3 Ke8 37. Be5 g6 38. e4 fxe4+ 39. fxe4 Ne7 40. Kc4 Kd7 41. Kb5 Nc6 42. Bg3 Nd4+ 43. Kxb6 Nxb3 44. Be5 h5 45. a4 g5 46. Kb5 g4 47. Bf4 h4 48. Kc4 Nd4 49. Kxc5 Ne2 50. Be5 h3 51. gxh3 gxh3 52. Kb5 Nc1 53. Kc4 Kc6 54. Bc3 Kb6 55. Bd2 Ne2 56. Kd3 Ng3 57. Kd4 Kc6 58. Ke5 Kd7 59. Be3 Ne2 60. Bg5 Nc3 61. Bd2 Nxa4 62. Bxa5 Nc5 63. Kf4 Kc6 64. Bc3 Kb5 65. Bd4 Nd7 66. Kg4 Kc4 67. Bg7 Kd3 68. Kxh3 Kxe4 69. Kg4 Ne5+ 70. Bxe5 Kxe5 71. Kg5 Kd6 72. h4 1/2-1/2

[Event "Oberliga Nord O 1516"]
[Site "Germany"]
[Date "2015.10.11"]
[Round "2.1"]
[White "Manigk, Sebastian"]
[Black "Moeller, Hendrik"]
[Result "1-0"]
[WhiteElo "2224"]
[BlackElo "2307"]
[PlyCount "143"]
[EventDate "2015.09.20"]
[EventType "team-tourn"]
[EventRounds "9"]
[EventCountry "GER"]
[SourceTitle "CBM 170 Extra"]
[Source "ChessBase"]
[SourceDate "2016.02.25"]
[SourceVersion "1"]
[SourceVersionDate "2016.02.25"]
[SourceQuality "1"]
[WhiteTeam "Cottbus Lokomotive"]
[BlackTeam "Weisse Dame"]
[WhiteTeamCountry "GER"]
[BlackTeamCountry "GER"]

1. d4 d5 2. c4 e6 3. Nf3 c5 4. cxd5 exd5 5. Nc3 Nc6 6. dxc5 d4 7. Na4 Bxc5 8. Nxc5 Qa5+ 9. Bd2 Qxc5 10. Rc1 Qb6 11. e3 Nf6 12. Bc4 dxe3 13. Bxe3 Qb4+ 14. Bd2 Qe7+ 15. Be2 Ne4 16. 0-0 Nxd2 17. Qxd2 0-0 18. Rfe1 Qf6 19. Bb5 h6 20. Bxc6 bxc6 21. Qd4 Be6 22. Qxf6 gxf6 23. Rxc6 a5 24. b3 Rfd8 25. h3 a4 26. Rb6 Rd3 27. Kh2 axb3 28. axb3 Ra2 29. Re3 Rd1 30. Kg3 Rf1 31. Nd4 Rfxf2 32. Nxe6 Rxg2+ 33. Kh4 fxe6 34. Rexe6 Raf2 35. Rxf6 Rxf6 36. Rxf6 Kg7 37. Rf3 Rd2 38. Kg4 Rd1 39. Kf5 Kf7 40. Ke4+ Ke6 41. Rd3 Re1+ 42. Kd4 Kd6 43. Re3 Rc1 44. Rg3 Rd1+ 45. Kc4 Rc1+ 46. Kb4 h5 47. Rg6+ Kc7 48. Rg5 Rf1 49. Rxh5 Rf4+ 50. Kc5 Rf1 51. b4 Rc1+ 52. Kb5 Rf1 53. h4 Rf4 54. Rc5+ Kb7 55. h5 Rh4 56. Rg5 Rh1 57. Rg7+ Kc8 58. Kc6 Kb8 59. Kb6 Kc8 60. Rg8+ Kd7 61. Rg5 Kc8 62. b5 Rh2 63. Rg8+ Kd7 64. Rg7+ Kc8 65. Rc7+ Kb8 66. Rh7 Kc8 67. Rh8+ Kd7 68. Kb7 Rh1 69. b6 Rh2 70. h6 Rh1 71. h7 Rh2 72. Rc8 1-0

[Event "Oberliga Nord O 1516"]
[Site "Germany"]
[Date "2015.09.20"]
[Round "1.1"]
[White "Schmidek, Emil"]
[Black "Manigk, Sebastian"]
[Result "1/2-1/2"]
[WhiteElo "2171"]
[BlackElo "2226"]
[PlyCount "140"]
[EventDate "2015.09.20"]
[EventType "team-tourn"]
[EventRounds "9"]
[EventCountry "GER"]
[SourceTitle "CBM 170 Extra"]
[Source "ChessBase"]
[SourceDate "2016.02.25"]
[SourceVersion "1"]
[SourceVersionDate "2016.02.25"]
[SourceQuality "1"]
[WhiteTeam "Makkabi Berlin"]
[BlackTeam "Cottbus Lokomotive"]
[WhiteTeamCountry "GER"]
[BlackTeamCountry "GER"]

1. e4 c5 2. Nf3 e6 3. d4 cxd4 4. Nxd4 Nc6 5. Nc3 Qc7 6. Nb3 a6 7. Bd3 Nf6 8. f4 Bb4 9. 0-0 h5 10. Qf3 Na5 11. Be3 Ng4 12. Bd4 Nxb3 13. axb3 Bc5 14. Bxc5 Qxc5+ 15. Kh1 d6 16. e5 dxe5 17. Ne4 Qe7 18. fxe5 Nxe5 19. Qg3 f6 20. Ra5 0-0 21. Nxf6+ Rxf6 22. Rxe5 h4 23. Qe3 Rxf1+ 24. Bxf1 Bd7 25. Bd3 Rf8 26. Rh5 Qf6 27. h3 Bc6 28. Bh7+ Kf7 29. Be4 Rd8 30. Bxc6 Rd1+ 31. Kh2 bxc6 32. Rh8 Rd5 33. c4 Re5 34. Qd4 Re2 35. Rxh4 Qxd4 36. Rxd4 Rxb2 37. Rd6 Rxb3 38. Rxc6 a5 39. Ra6 Ra3 40. c5 Kf6 41. c6 g5 42. c7 Rc3 43. Rxa5 Rxc7 44. Kg3 Rc3+ 45. Kg4 Rc4+ 46. Kf3 Rf4+ 47. Ke3 Rf1 48. Ra4 Rf5 49. h4 gxh4 50. Rxh4 Rg5 51. Kf3 Kf5 52. Rh5 Rxh5 53. g4+ Kg5 54. gxh5 Kxh5 55. Kf4 Kg6 56. Ke5 Kf7 57. Ke4 Kf6 58. Kf4 e5+ 59. Ke4 Ke6 60. Ke3 Kd5 61. Kd3 e4+ 62. Ke3 Ke5 63. Ke2 Kd4 64. Kd2 e3+ 65. Ke2 Ke4 66. Ke1 Kf4 67. Ke2 Ke4 68. Ke1 Kd3 69. Kd1 e2+ 70. Ke1 Ke3 1/2-1/2

[Event "Pardubice op rap 26th"]
[Site "Pardubice"]
[Date "2015.07.23"]
[Round "9"]
[White "Manigk, Sebastian"]
[Black "Gasik, Anna"]
[Result "1-0"]
[WhiteElo "2214"]
[BlackElo "2160"]
[PlyCount "43"]
[EventDate "2015.07.22"]
[EventType "swiss (rapid)"]
[EventRounds "9"]
[EventCountry "CZE"]
[SourceTitle "CBM 167 Extra"]
[Source "ChessBase"]
[SourceDate "2015.09.14"]
[SourceVersion "1"]
[SourceVersionDate "2015.09.14"]
[SourceQuality "1"]

1. d4 d5 2. c4 c6 3. Nf3 Nf6 4. e3 e6 5. b3 Nbd7 6. Bb2 Bd6 7. Nbd2 0-0 8. Bd3 Qe7 9. Ne5 Ba3 10. Bxa3 Qxa3 11. Qc2 h6 12. f4 c5 13. 0-0 b6 14. Nb1 Qa5 15. Nc6 Qa6 16. cxd5 b5 17. dxe6 fxe6 18. Ne7+ Kf7 19. Ng6 Rd8 20. dxc5 Nxc5 21. Qxc5 Rxd3 22. Ne5+ 1-0

[Event "Hofheim Spring op-A 2nd"]
[Site "Hofheim"]
[Date "2014.04.25"]
[Round "6"]
[White "Manigk, Sebastian"]
[Black "Junker, Christian"]
[Result "1/2-1/2"]
[WhiteElo "2218"]
[BlackElo "2064"]
[PlyCount "144"]
[EventDate "2014.04.22"]
[EventType "swiss"]
[EventRounds "9"]
[EventCountry "GER"]
[SourceTitle "CBM 160 Extra"]
[Source "ChessBase"]
[SourceDate "2014.07.01"]
[SourceVersion "1"]
[SourceVersionDate "2014.07.01"]
[SourceQuality "1"]

1. d4 f5 2. g3 Nf6 3. Bg2 d5 4. Nf3 e6 5. 0-0 Be7 6. b3 Ne4 7. Ba3 Nd6 8. Nbd2 0-0 9. c4 c6 10. Qc2 a5 11. Ne5 Na6 12. Nd3 Bf6 13. Nf3 Re8 14. Bxd6 Qxd6 15. c5 Qe7 16. a3 Bd7 17. Nfe5 Reb8 18. f4 Be8 19. Bf3 Nc7 20. e3 g5 21. Rfb1 Qd8 22. Be2 Kg7 23. b4 axb4 24. Rxb4 Ra7 25. Qb2 Qc8 26. Rb1 h6 27. Bd1 Bd8 28. Ra4 Rba8 29. Rxa7 Rxa7 30. a4 Na6 31. Nb4 Nb8 32. Nbd3 Ba5 33. Nb4 Nd7 34. Nxd7 Qxd7 35. Nd3 Qd8 36. Kf1 Bd7 37. Be2 g4 38. Bd1 h5 39. Kg1 Kf6 40. Kg2 Ke7 41. Ne5 Qe8 42. Qc1 Kd8 43. Rb2 Kc7 44. Qb1 Bc8 45. Be2 Qe7 46. h3 Qg7 47. hxg4 hxg4 48. Qh1 Bd7 49. Bd1 Ra8 50. Kf1 Rh8 51. Rh2 Rxh2 52. Qxh2 Kc8 53. Qh5 Bd8 54. Ke2 Be7 55. Kd2 Kc7 56. Be2 Bf6 57. a5 Bxe5 58. fxe5 Qe7 59. Kc3 Bc8 60. Kb4 Bd7 61. Bd3 Qg7 62. Qh4 Qf7 63. Kc3 Qg7 64. Kd2 Qf8 65. Qh1 Bc8 66. Qb1 Qh6 67. Qg1 Kd7 68. Ke2 Qh3 69. Kf2 Qh8 70. Bf1 Qd8 71. Qh2 Qxa5 72. Qh7+ Kd8 1/2-1/2

[Event "Oberliga Nord O 1213"]
[Site "Germany"]
[Date "2013.03.17"]
[Round "8.3"]
[White "Dragun, Kamil"]
[Black "Manigk, Sebastian"]
[Result "1-0"]
[WhiteElo "2464"]
[BlackElo "2229"]
[PlyCount "61"]
[EventDate "2012.10.17"]
[EventType "team-tourn"]
[EventRounds "9"]
[EventCountry "GER"]
[SourceTitle "EXT 2015"]
[Source "ChessBase"]
[SourceDate "2014.11.20"]
[SourceVersion "1"]
[SourceVersionDate "2014.11.20"]
[SourceQuality "1"]
[WhiteTeam "Ruedersdorf"]
[BlackTeam "Cottbus Lokomotive"]
[WhiteTeamCountry "GER"]
[BlackTeamCountry "GER"]

1. d4 Nf6 2. c4 e6 3. Nf3 b6 4. g3 Bb4+ 5. Bd2 Be7 6. Bg2 c6 7. 0-0 d5 8. Ne5 0-0 9. Qc2 Nfd7 10. Nxd7 Nxd7 11. Bf4 Ba6 12. Nd2 g5 13. Be3 f5 14. f3 Bd6 15. Rae1 Rf7 16. Bf2 f4 17. Qa4 Bb7 18. e4 Qc7 19. cxd5 cxd5 20. Rc1 Qd8 21. Bh3 Nf8 22. e5 Bb8 23. Kh1 Qe7 24. gxf4 Rxf4 25. Qa3 Qxa3 26. bxa3 Rf7 27. Be3 Rg7 28. Rg1 h6 29. f4 Bc7 30. fxg5 hxg5 31. Bxg5 1-0

[Event "Oberliga Nord O 1213"]
[Site "Germany"]
[Date "2013.01.13"]
[Round "5.3"]
[White "Manigk, Sebastian"]
[Black "Lorenz, Sascha"]
[Result "1-0"]
[WhiteElo "2229"]
[BlackElo "2257"]
[PlyCount "57"]
[EventDate "2012.10.17"]
[EventType "team-tourn"]
[EventRounds "9"]
[EventCountry "GER"]
[SourceTitle "EXT 2015"]
[Source "ChessBase"]
[SourceDate "2014.11.20"]
[SourceVersion "1"]
[SourceVersionDate "2014.11.20"]
[SourceQuality "1"]
[WhiteTeam "Cottbus Lokomotive"]
[BlackTeam "Koenig Tegel"]
[WhiteTeamCountry "GER"]
[BlackTeamCountry "GER"]

1. d4 Nf6 2. c4 d6 3. Nf3 g6 4. g3 Bg7 5. Bg2 0-0 6. 0-0 c6 7. Nc3 Bf5 8. Nh4 Bd7 9. e4 e5 10. Nf3 Re8 11. h3 Na6 12. Be3 b5 13. dxe5 dxe5 14. cxb5 cxb5 15. Qe2 Qb8 16. Rfd1 Nc7 17. Bg5 Bc6 18. Rd6 Re6 19. Rad1 Nce8 20. Rxe6 fxe6 21. Ne1 Nd6 22. Nd3 b4 23. Nxe5 bxc3 24. Nxc6 Qxb2 25. Qxb2 cxb2 26. Bxf6 Bxf6 27. e5 Nb5 28. Rb1 Bd8 29. Rxb2 1-0

[Event "Oberliga Nord O 1213"]
[Site "Germany"]
[Date "2012.12.09"]
[Round "4.3"]
[White "Dauth, Benjamin"]
[Black "Manigk, Sebastian"]
[Result "1-0"]
[WhiteElo "2313"]
[BlackElo "2229"]
[PlyCount "83"]
[EventDate "2012.10.17"]
[EventType "team-tourn"]
[EventRounds "9"]
[EventCountry "GER"]
[SourceTitle "EXT 2015"]
[Source "ChessBase"]
[SourceDate "2014.11.20"]
[SourceVersion "1"]
[SourceVersionDate "2014.11.20"]
[SourceQuality "1"]
[WhiteTeam "Pankow Rotation"]
[BlackTeam "Cottbus Lokomotive"]
[WhiteTeamCountry "GER"]
[BlackTeamCountry "GER"]

1. e4 c5 2. c3 Nf6 3. e5 Nd5 4. d4 cxd4 5. cxd4 e6 6. Nc3 Nxc3 7. bxc3 d6 8. f4 Qc7 9. Bd2 Nd7 10. Bd3 d5 11. f5 exf5 12. Bxf5 Nb6 13. Bd3 Nc4 14. Bf4 Nb2 15. Bb5+ Bd7 16. Qb3 Nc4 17. e6 Qxf4 18. exd7+ Kd8 19. Bxc4 dxc4 20. Qxc4 Qc7 21. Qb3 Qxd7 22. Ne2 Bd6 23. 0-0 f6 24. c4 Re8 25. Rae1 Bc7 26. Kh1 Ba5 27. Nc3 Rxe1 28. Rxe1 Rc8 29. c5 Bxc3 30. Qxc3 b6 31. Qc4 bxc5 32. dxc5 Rc6 33. h3 Kc7 34. Rb1 Qe7 35. Qb3 Rxc5 36. Qb8+ Kc6 37. Qc8+ Kd6 38. Rd1+ Ke5 39. Qg4 Qc7 40. Re1+ Kd5 41. Qe4+ Kd6 42. Qe6# 1-0

[Event "Oberliga Nord O 1213"]
[Site "Germany"]
[Date "2012.11.26"]
[Round "3.3"]
[White "Manigk, Sebastian"]
[Black "Trenner, Rolf"]
[Result "1-0"]
[WhiteElo "2229"]
[BlackElo "2247"]
[PlyCount "155"]
[EventDate "2012.10.17"]
[EventType "team-tourn"]
[EventRounds "9"]
[EventCountry "GER"]
[SourceTitle "EXT 2015"]
[Source "ChessBase"]
[SourceDate "2014.11.20"]
[SourceVersion "1"]
[SourceVersionDate "2014.11.20"]
[SourceQuality "1"]
[WhiteTeam "Cottbus Lokomotive"]
[BlackTeam "Potsdam Empor"]
[WhiteTeamCountry "GER"]
[BlackTeamCountry "GER"]

1. d4 Nf6 2. Nf3 g6 3. Nc3 d5 4. Bf4 Bg7 5. e3 0-0 6. Be2 b6 7. Ne5 Ba6 8. 0-0 Bxe2 9. Qxe2 Nh5 10. Rad1 e6 11. Qf3 a6 12. e4 Nxf4 13. Qxf4 c6 14. Rfe1 Ra7 15. Rd3 f5 16. exd5 exd5 17. h4 Qf6 18. Rde3 Qd6 19. Nd1 Nd7 20. c3 Nxe5 21. dxe5 Qe6 22. g3 Rd8 23. Qa4 Bf8 24. Rd3 c5 25. c4 d4 26. f4 Rb8 27. b3 Qd7 28. Qxd7 Rxd7 29. Nb2 b5 30. Rc1 Kf7 31. Rd2 Ke6 32. Kf2 h6 33. Nd3 b4 34. Rh1 a5 35. Nb2 Be7 36. Na4 Rdb7 37. Kf3 Rg8 38. Rg2 Bf8 39. Rgh2 Rb8 40. Rg2 Rb7 41. Rgh2 Rb8 42. Nb2 Be7 43. Nd3 Ra8 44. Nb2 Kd7 45. Na4 Kc6 46. Rg2 Rgf8 47. Nb2 Rf7 48. Na4 Rg7 49. g4 Rf7 50. g5 Rh7 51. Rgh2 Rah8 52. Kg3 Kd7 53. Nb2 Ke6 54. Rh3 hxg5 55. hxg5 Rxh3+ 56. Rxh3 Rxh3+ 57. Kxh3 Bxg5 58. fxg5 Kxe5 59. Kg3 Ke4 60. Na4 Ke3 61. Nxc5 d3 62. Nxd3 Kxd3 63. c5 Ke3 64. c6 f4+ 65. Kg2 Ke2 66. c7 f3+ 67. Kg3 f2 68. c8Q f1Q 69. Qc4+ Ke1 70. Qxf1+ Kxf1 71. Kf4 Ke2 72. Ke5 Kd3 73. Kf6 Kc2 74. Kxg6 Kb2 75. Kf5 Kxa2 76. g6 a4 77. bxa4 b3 78. g7 1-0

[Event "Prague Holiday M11"]
[Site "Prague"]
[Date "2012.07.19"]
[Round "7"]
[White "Krtous, Zdenek"]
[Black "Manigk, Sebastian"]
[Result "1/2-1/2"]
[WhiteElo "2025"]
[BlackElo "2175"]
[PlyCount "91"]
[EventDate "2012.07.15"]
[EventType "tourn"]
[EventRounds "9"]
[EventCountry "CZE"]
[SourceTitle "EXT 2023"]
[Source "ChessBase"]
[SourceDate "2022.10.05"]
[SourceVersion "1"]
[SourceVersionDate "2022.10.05"]
[SourceQuality "1"]

1. e4 c5 2. Nf3 e6 3. d4 cxd4 4. Nxd4 Nc6 5. Nc3 Qc7 6. f4 a6 7. Nf3 Bb4 8. Bd3 Nf6 9. 0-0 b5 10. Kh1 Bb7 11. e5 Bxc3 12. bxc3 Nd5 13. Bd2 Na5 14. Ng5 f5 15. exf6 Nxf6 16. Be3 Ke7 17. Qe2 h6 18. Nf3 g5 19. Ne5 Rag8 20. Ng6+ Rxg6 21. Bxg6 Rg8 22. fxg5 hxg5 23. Rxf6 Kxf6 24. Bd3 Ke7 25. Rf1 Nc4 26. Bd4 Kd8 27. Qf2 Kc8 28. Qf8+ Rxf8 29. Rxf8+ Qd8 30. Rxd8+ Kxd8 31. Bf6+ Ke8 32. Bxg5 Ne5 33. Be2 Bd5 34. a3 Be4 35. h4 Bxc2 36. h5 Bf5 37. h6 Kf8 38. Bf4 Ng6 39. Bd6+ Kg8 40. Bf3 Kh7 41. Bb7 a5 42. Bc8 e5 43. Ba6 Bd3 44. Bc8 Kxh6 45. Bxd7 e4 46. Bf5 1/2-1/2

[Event "Prague Holiday M11"]
[Site "Prague"]
[Date "2012.07.17"]
[Round "5"]
[White "Thomasson, Staffan"]
[Black "Manigk, Sebastian"]
[Result "0-1"]
[WhiteElo "1931"]
[BlackElo "2175"]
[PlyCount "64"]
[EventDate "2012.07.15"]
[EventType "tourn"]
[EventRounds "9"]
[EventCountry "CZE"]
[SourceTitle "EXT 2023"]
[Source "ChessBase"]
[SourceDate "2022.10.05"]
[SourceVersion "1"]
[SourceVersionDate "2022.10.05"]
[SourceQuality "1"]

1. c4 f5 2. b3 e5 3. Bb2 Nc6 4. e3 Nf6 5. d4 Bb4+ 6. Nd2 d6 7. a3 Bxd2+ 8. Qxd2 Qe7 9. d5 Nd8 10. Nf3 0-0 11. Be2 Nf7 12. 0-0 g5 13. Qc2 f4 14. Nd2 Nh6 15. Bd3 Rf7 16. Ne4 Rg7 17. c5 Nhg4 18. cxd6 cxd6 19. h3 Nxe4 20. hxg4 Nf6 21. exf4 gxf4 22. f3 h5 23. Rac1 hxg4 24. Bf5 Bxf5 25. Qxf5 Rf8 26. Qd3 Qf7 27. Kf2 Nxd5 28. Rg1 Rd8 29. Qb5 Ne3 30. Qa5 b6 31. Qa4 Qd5 32. Bc3 Qd3 0-1

[Event "Prague Holiday M11"]
[Site "Prague"]
[Date "2012.07.15"]
[Round "2"]
[White "Manigk, Sebastian"]
[Black "Zellner, Richard"]
[Result "1-0"]
[WhiteElo "2175"]
[BlackElo "2161"]
[PlyCount "73"]
[EventDate "2012.07.15"]
[EventType "tourn"]
[EventRounds "9"]
[EventCountry "CZE"]
[SourceTitle "EXT 2023"]
[Source "ChessBase"]
[SourceDate "2022.10.05"]
[SourceVersion "1"]
[SourceVersionDate "2022.10.05"]
[SourceQuality "1"]

1. d4 c5 2. d5 e5 3. e4 d6 4. Bb5+ Nd7 5. a4 Be7 6. Nf3 Ngf6 7. Nc3 a6 8. Be2 Nf8 9. Nd2 Ng6 10. Nc4 h5 11. 0-0 Bg4 12. f3 Bd7 13. a5 Rc8 14. Nb6 Rc7 15. g3 h4 16. g4 Nh7 17. Bc4 Bg5 18. Ne2 0-0 19. h3 Qf6 20. Kg2 Bb5 21. Bxb5 axb5 22. c4 b4 23. Rf2 Bf4 24. a6 bxa6 25. Rxa6 Ng5 26. Na4 Rfc8 27. b3 Kh7 28. Nb2 Qe7 29. Bxf4 exf4 30. Nd3 Nxe4 31. fxe4 Qxe4+ 32. Rf3 Re8 33. Nexf4 Rce7 34. Nxg6 fxg6 35. Nf2 Qe5 36. Qa1 Qe2 37. Ra2 1-0

[Event "Oberliga Ost-A 0304"]
[Site "Germany"]
[Date "2004.03.28"]
[Round "9.5"]
[White "Teumer, Joerg"]
[Black "Manigk, Sebastian"]
[Result "1-0"]
[WhiteElo "2144"]
[BlackElo "2151"]
[PlyCount "71"]
[EventDate "2003.11.02"]
[EventType "team-tourn"]
[EventRounds "11"]
[EventCountry "GER"]
[SourceTitle "EXT 2005"]
[Source "ChessBase"]
[SourceDate "2004.11.15"]
[SourceVersion "1"]
[SourceVersionDate "2004.11.15"]
[SourceQuality "1"]
[WhiteTeam "Dresden SC II"]
[BlackTeam "Halle USV II"]
[WhiteTeamCountry "GER"]
[BlackTeamCountry "GER"]

1. d4 f5 2. Bg5 g6 3. e3 Nh6 4. Bd3 Nf7 5. h4 d5 6. Nf3 Bg7 7. c4 h6 8. Bf4 e6 9. Nc3 c6 10. Qb3 Nd7 11. Bg3 Nf6 12. Ne5 Nxe5 13. Bxe5 0-0 14. f3 Qd7 15. 0-0-0 dxc4 16. Bxc4 b5 17. Bd3 a5 18. e4 a4 19. Qc2 Qa7 20. Bd6 Rf7 21. Rhe1 Rb7 22. Ne2 b4 23. Qc4 fxe4 24. Bxe4 Nd5 25. Nf4 Rf7 26. Nxg6 Ba6 27. Qc5 Qb7 28. Bxd5 cxd5 29. Qxb4 Rc8+ 30. Kb1 Qa8 31. Ne7+ Rxe7 32. Bxe7 Rc4 33. Qb6 Kh7 34. Qxe6 Qb7 35. Bc5 a3 36. Qf5+ 1-0

[Event "Oberliga Ost-A 0304"]
[Site "Germany"]
[Date "2003.12.14"]
[Round "4.6"]
[White "Poenisch, Egmont"]
[Black "Manigk, Sebastian"]
[Result "1/2-1/2"]
[WhiteElo "2116"]
[BlackElo "2151"]
[PlyCount "35"]
[EventDate "2003.11.02"]
[EventType "team-tourn"]
[EventRounds "11"]
[EventCountry "GER"]
[SourceTitle "EXT 2005"]
[Source "ChessBase"]
[SourceDate "2004.11.15"]
[SourceVersion "1"]
[SourceVersionDate "2004.11.15"]
[SourceQuality "1"]
[WhiteTeam "Coswig"]
[BlackTeam "Halle USV II"]
[WhiteTeamCountry "GER"]
[BlackTeamCountry "GER"]

1. g3 f5 2. Bg2 Nf6 3. d4 g6 4. c4 Bg7 5. Nc3 0-0 6. Nh3 d6 7. d5 Na6 8. 0-0 Nc5 9. Be3 e5 10. dxe6 Nxe6 11. f3 c6 12. Qb3 Qe7 13. Bf2 g5 14. e3 h6 15. Rad1 Nc5 16. Qc2 Be6 17. b3 Rad8 18. Kh1 1/2-1/2